| 000 | 01224cam a2200265 4500 | ||
|---|---|---|---|
| 008 | 040427n2003 000 0 eng u | ||
| 022 | _a0821350714 | ||
| 035 | _a(Sirsi) u126017 | ||
| 041 | _aeng | ||
| 050 |
_a333.0091724 _c21 |
||
| 100 | _aDeininger, Klaus | ||
| 245 |
_aLand policies for growth and poverty reduction _ba World Bank policy research report |
||
| 260 |
_aWashington DC _bWorld Bank _c2003 |
||
| 260 |
_aOxford _bOxford University Press _c2003 |
||
| 520 | _aThis report argues that strengthening poor people's land rights and easing barriers to land transactions can result in a range of social and economic benefits including improved governance, increased economic growth and poverty reduction. The report looks at property rights to land, land transactions and fostering desirable land use in World Bank client countries. View at www.worldbank.org. | ||
| 650 | _aLAND POLICIES | ||
| 650 | _aPROPERTY RIGHTS | ||
| 650 | _aLAND TENURE | ||
| 650 | _aLAND TRANSACTIONS | ||
| 650 | _aDEVELOPING COUNTRIES | ||
| 690 | _aINTERNATIONAL | ||
| 710 |
_aWorld Bank _93112 |
||
| 856 |
_uhttps://econ.worldbank.org/prr/land_policy/text-27809 _zView the report on the World Bank website... |
||
| 942 | _n0 | ||
| 999 |
_c103548 _d103548 |
||